Países con pingüinos salvajes - Estadísticas

Estadísticas generales
  • Esta prueba ha sido intentada 2.801 veces
  • La puntuación promedio es 10 de 13
Estadísticas de respuestas
Especies País % Correcto
7 Argentina
98%
10 Chile
98%
11 Australia
95%
7 Nueva Zelanda
93%
4 Sudáfrica
90%
4 Brasil
76%
3 Uruguay
72%
2 Perú
70%
2 Ecuador
64%
2 Namibia
60%
1 Mozambique
58%
1 Angola
51%
5 Reino Unido (Malvinas)
43%
No se encontraron pruebas coincidentes
Distribución de puntuación
Porcentaje de gente con cada puntuación
Porcentaje por número respondido
Historial de tus puntuaciones
No has intentado esta prueba.